Konsep kesihatan melalui pemakanan : (Record no. 2668)
[ view plain ]
| 000 -LEADER | |
|---|---|
| fixed length control field | nam a22 a 4500 |
| 003 - CONTROL NUMBER IDENTIFIER | |
| control field | AKMAL |
| 005 - DATE AND TIME OF LATEST TRANSACTION | |
| control field | 20170517150758.0 |
| 008 - FIXED-LENGTH DATA ELEMENTS--GENERAL INFORMATION | |
| fixed length control field | 170517s2000 my 00 may d |
| 020 ## - INTERNATIONAL STANDARD BOOK NUMBER | |
| International Standard Book Number | 967611040X (kkt.): |
| Terms of availability | RM10.00 |
| 040 ## - CATALOGING SOURCE | |
| Original cataloging agency | AKMAL |
| Transcribing agency | AKMAL |
| 049 00 - LOCAL HOLDINGS (OCLC) | |
| Holding library | klpmal |
| 082 04 - DEWEY DECIMAL CLASSIFICATION NUMBER | |
| Classification number | 641.302 CHE |
| Edition number | 21 |
| 090 00 - LOCALLY ASSIGNED LC-TYPE CALL NUMBER (OCLC); LOCAL CALL NUMBER (RLIN) | |
| Classification number (OCLC) (R) ; Classification number, CALL (RLIN) (NR) | 641.302 |
| Local cutter number (OCLC) ; Book number/undivided call number, CALL (RLIN) | CHE |
| 090 10 - LOCALLY ASSIGNED LC-TYPE CALL NUMBER (OCLC); LOCAL CALL NUMBER (RLIN) | |
| Classification number (OCLC) (R) ; Classification number, CALL (RLIN) (NR) | 641.302 |
| Local cutter number (OCLC) ; Book number/undivided call number, CALL (RLIN) | CHE |
| 100 0# - MAIN ENTRY--PERSONAL NAME | |
| Personal name | Che Wan Jasimah Wan Mohamed Radzi |
| 9 (RLIN) | 5594 |
| 245 10 - TITLE STATEMENT | |
| Title | Konsep kesihatan melalui pemakanan : |
| Remainder of title | pendekatan Islam dan sains / |
| Statement of responsibility, etc. | Che Wan Jasimah Wan Mohamed Radzi |
| 260 ## - PUBLICATION, DISTRIBUTION, ETC. | |
| Place of publication, distribution, etc. | Kuala Lumpur : |
| Name of publisher, distributor, etc. | Utusan Publications & Distributors, |
| Date of publication, distribution, etc. | 2000 |
| 440 #0 - SERIES STATEMENT/ADDED ENTRY--TITLE | |
| Title | Siri kesihatan Utusan |
| 9 (RLIN) | 5595 |
| 504 ## - BIBLIOGRAPHY, ETC. NOTE | |
| Bibliography, etc. note | Bibliografi : ms. 138-143 |
| 650 #0 - SUBJECT ADDED ENTRY--TOPICAL TERM | |
| Topical term or geographic name entry element | Food |
| General subdivision | Health aspects |
| 9 (RLIN) | 5596 |
| 650 #0 - SUBJECT ADDED ENTRY--TOPICAL TERM | |
| Topical term or geographic name entry element | Food |
| General subdivision | Religious aspects |
| -- | Islam |
| 9 (RLIN) | 1673 |
| 650 #0 - SUBJECT ADDED ENTRY--TOPICAL TERM | |
| Topical term or geographic name entry element | Nutrition |
| 9 (RLIN) | 5163 |
| 942 ## - ADDED ENTRY ELEMENTS (KOHA) | |
| Source of classification or shelving scheme | |
| Koha item type | Book |
| Withdrawn status | Lost status | Source of classification or shelving scheme | Damaged status | Not for loan | Collection code | Home library | Current library | Date acquired | Total Checkouts | Full call number | Barcode | Date last seen | Price effective from | Koha item type |
|---|---|---|---|---|---|---|---|---|---|---|---|---|---|---|
| NON-FICTION | AKMAL Melaka | AKMAL Melaka | 17.05.2017 | 641.302 CHE | 201703476 | 17.05.2017 | 17.05.2017 | Book |
